UBT Library

RADIOLOSKI ATLA REUMATICNIH BOLEST (Record no. 59574)

000 -LEADER
fixed length control field 00309nam a22001337a 4500
008 - FIXED-LENGTH DATA ELEMENTS--GENERAL INFORMATION
fixed length control field 230418b ||||| |||| 00| 0 eng d
041 ## - LANGUAGE CODE
Language code of text/sound track or separate title SERBISHT
080 ## - UNIVERSAL DECIMAL CLASSIFICATION NUMBER
Universal Decimal Classification number 616.0
082 ## - DEWEY DECIMAL CLASSIFICATION NUMBER
Classification number 616.0ZIV
100 ## - Rafti
Rafti 11
101 ## - Shkurtesa
Shkurtesa REUMA
245 ## - TITLE STATEMENT
Title RADIOLOSKI ATLA REUMATICNIH BOLEST
Statement of responsibility, etc ZIVKOVIC .M
942 ## - ADDED ENTRY ELEMENTS (KOHA)
Source of classification or shelving scheme
Item type Books
Holdings
Withdrawn status Lost status Source of classification or shelving scheme Damaged status Not for loan Collection code Permanent location Current location Date acquired Total Checkouts Full call number Barcode Date last seen Price effective from Koha item type
          Koleksioni i përgjithshem UBT - Lipjan UBT - Lipjan 04/18/2023   616.0ZIV 002-80006052 04/18/2023 04/18/2023 Books
UBT Library © 2015-2024. All rights reserved University Education for Business and Technology